Eliten und zivile Gesellschaft : Legitimitätskonflikte in Ostmitteleuropa /

Saved in:
நூற்பட்டியல் விவரங்கள்
தலைமை எழுத்தாளர்: Fehr, Helmut, (Author)
வடிவம்: புத்தகம்
மொழி:German
தொகுதி:Europa - Politik - Gesellschaft.
பகுதிகள்:
குறியீடுகள்: குறிச்சொல் இணை
குறியீடுகள் இல்லை, இந்த குறிச்சொல்லை முதலில் பதிவு செய்யுங்கள்!
LEADER 01299nam a2200385Ii 4500
001 014150357-2
005 20140930231537.0
008 140929s2014 gw b 000 0 ger d
020 |a 9783658043766 (pbk.) 
035 |a (MARCnow)har140218013 
035 0 |a ocn888956257 
040 |a NyNyMAR  |b eng  |e rda  |c NyNyMAR 
043 |a ee----- 
050 0 0 |a HN380.7.Z9  |b E4186 2014 
090 |a HN380.7.Z9  |b E4 2014 
100 1 |a Fehr, Helmut,  |e author. 
245 1 0 |a Eliten und zivile Gesellschaft :  |b Legitimitätskonflikte in Ostmitteleuropa /  |c Helmut Fehr. 
246 3 0 |a Legitimitätskonflikte in Ostmitteleuropa 
264 |a Wiesbaden :  |b Springer VS,  |c 2014. 
300 |a xiv, 463 pages ;  |c 21 cm. 
336 |a text  |2 rdacontent 
337 |a unmediated  |2 rdamedia 
338 |a volume  |2 rdacarrier 
490 1 |a Europa - Politik - Gesellschaft 
504 |a Includes bibliographical references (pages 429-463). 
650 0 |a Elite (Social sciences)  |z Europe, Eastern. 
650 0 |a Civil society  |z Europe, Eastern. 
650 0 |a Social conflict  |z Europe, Eastern. 
651 0 |a Europe, Eastern  |x Social conditions. 
776 0 |z 9783658043773 (online) 
776 0 |w (GyWOH)har145016482 
830 0 |a Europa - Politik - Gesellschaft. 
899 |a 415_565122 
988 |a 20140829 
906 |0 VEN